| 000 | 00634nam a2200253Ia 4500 | ||
|---|---|---|---|
| 008 | 210210b2005 xxu||||| |||| 00| 0 eng d | ||
| 041 | _aeng | ||
| 082 | _a581.634 JOSM | ||
| 100 | _aJOSE (Joseph) | ||
| 245 |
_aMedicinal and aromatic plants _bEssential oils and pharmaceutical uses |
||
| 260 |
_aNew Delhi _bDiscovery Publishing House _c2005 |
||
| 300 | _a451 | ||
| 650 | _auses | ||
| 650 | _aplants | ||
| 650 | _apharmaceutical | ||
| 650 | _aoils | ||
| 650 | _aMedicinal | ||
| 650 | _aEssential | ||
| 650 | _aaromatic | ||
| 650 | _aand | ||
| 690 | _aEconomic Botany | ||
| 700 | _aRAJALAKSHMI (R) | ||
| 906 | _a060583 | ||
| 999 |
_c107080 _d107080 |
||